Регионална библиотека "Любен Каравелов" - Русе

Дайте път на Ноди - Ноди и специалната награда (Запис номер 89262)

MARC детайли
000 -Лидер
Контролно поле с фиксирана дължина 01666nam a2200361 c 4500
003 - Код на организацията, давaща контролен номер
Контролно поле BLK
005 - Дата и час на последна редакция
Контролно поле 20180422104531.0
008 - Елементи от данни с фиксирана дължина
fixed length control field 180408b bul|||||r ||||||| ||bul||
010 ## - Наследен системен номер
LC control number KNG00093961000
020 ## - Международен стандартен номер на книга ISBN
Международен стандартен номер на книга ISBN 978-954-528-788-6
-- издат.: Труд
040 ## - Източник на каталожния запис
Идентификатор на билиотеката - собственик на записа BLK
041 ## - Код за език
Код за езика на текст/звукозапис или на отделно заглавие Български
Код за езика КДБФ Български
080 ## - УДК
Текстов определител УДК Английска литература
УДК код - определител по УДК 821.111
УДК определител -93-34
УДК - код + определител 821.111-93-34
139 ## - Редно поле
Редна дума Дайте път на Ноди - Ноди и специалната награда
Авторски знак Дав - Д 13
245 10 - Сведения за заглавието
Заглавие Дайте път на Ноди - Ноди и специалната награда
Редно поле (дума) по Инид Блайтън; прев. Людмила Владимирова Верих; * Людмила Владимирова Верих-Шомова.
257 ## - Страна на издаване
Страна на създаване/издаване Великобритания
260 ## - Област на издателските данни
-- София
Име на издателя, разпространителя и проч. Труд
Година на издаване 2008
300 ## - Физическа характеристика
Страници 32 с.
Илюстрации и др. с цв. ил.
Размери/Мащаб 23 см
380 ## - Жанр
Жанр Детска худож. лит.
490 1# - СЕРИИ (Колекции)
Име на серия Дайте път на Ноди
500 ## - Общи забележки
Забележка Ориг. загл. Noddy's Special Treat. - Пълното име на прев. е Людмила Владимирова Верих-Шомова.
653 ## - Ключова дума – ненормативна
Ключова дума приказки
653 ## - Ключова дума – ненормативна
Ключова дума литература за деца
653 ## - Ключова дума – ненормативна
Ключова дума детска литература
700 1# - Други автори (авторска отговорност)
Лично име Блайтън, Инид
Автороска отговорност (Описва отношението между автора и произведението) по
9 (RLIN) 299658
700 1# - Други автори (авторска отговорност)
Лично име Верих, Людмила Владимирова
Автороска отговорност (Описва отношението между автора и произведението) прев.
Друга информация Верих-Шомова, Людмила Владимирова
9 (RLIN) 363548
700 1# - Други автори (авторска отговорност)
Лично име Верих-Шомова, Людмила Владимирова
Автороска отговорност (Описва отношението между автора и произведението) *
9 (RLIN) 299659
852 ## - Местоположение
Форматна сигнатура Цб 248746
856 4# - Електронен адрес и достъп
Електронен формат pdf - файл
Път до файла /url/
856 4# - Електронен адрес и достъп
Електронен формат pdf - файл
Път до файла /url/
942 ## - АРТИКУЛИ
Вид на библиотечния материал Книги
Скрит в OPAC Не
944 ## - СЪЗДАВАНЕ И РЕДАКЦИЯ на ЗАПИСА
Създаване/Редакция Създаване
Дата на регистрацията/редакция 02.02.2010
Статус, дата на статуса ф /
Служител, извършил регистрацията/редакцията Людмила_Стоянова
944 ## - СЪЗДАВАНЕ И РЕДАКЦИЯ на ЗАПИСА
Създаване/Редакция Редакция
Дата на регистрацията/редакция 28.01.2013
Статус, дата на статуса ф /
Служител, извършил регистрацията/редакцията
999 ## - СИСТЕМНИ КОНТРОЛНИ НОМЕРА
Koha biblionumber 89262
Koha biblioitemnumber 89262
Наличности
Код за отписване Код за изгубен артикул Код за повреда Коз за рестрикции Код за отдаване Артикулен № Име на библиотеката - собственик Име на библиотеката, в която се намира в момента Статус (Текущо местоположение) Дата на вписване в системата Местоположение - отдел Цена в лева Инвентарен номер Систематично азбучна сигнатура Баркод Номер на екземпляра Цена в евро Служебна бележка Служебен тип на артикула
  Не е изгубен Не е повреден без рестрикции ползва се в читалня 144554 Регионална библиотека "Любен Каравелов" Русе Регионална библиотека "Любен Каравелов" Русе Хранилище 2010-02-02 Хранилище 3.99 120000741650 Цб 248746 120000741650 1 2.04 Дост: Dp Вид: Д N: 30 Дата: 15.07.2009 Книги
Vip Innovations Ltd, Rousse, Bulgaria 2025